Το κοινοβουλευτικό πολίτευμα και η λειτουργία του κατά το Σύνταγμα του 1975 το αναθεωρητικό διάβημα 1985/86 ο διορισμός της Κυβέρνησης και η διάλυση της βουλής
Αποθηκεύτηκε σε:
| Κύριος συγγραφέας: | |
|---|---|
| Μορφή: | Βιβλίο |
| Γλώσσα: | Greek |
| Δημοσίευση: |
Θεσσαλονίκη :
Παρατηρητής,
1987
|
| Θέματα: | |
| Ετικέτες: |
Προσθήκη ετικέτας
Δεν υπάρχουν, Καταχωρήστε ετικέτα πρώτοι!
|
MARC
| LEADER | 00000cam a2200000 i 4500 | ||
|---|---|---|---|
| 001 | 1/48290 | ||
| 008 | 960313s1987 gr | ||| |||| ||gre|| | ||
| 035 | |l 10026646 | ||
| 040 | |a GR-MY-UA |b gre |e aacr | ||
| 041 | 0 | |a gre | |
| 082 | 0 | |a 342 | |
| 100 | 1 | |a Βενιζέλος, Ευάγγελος Β., |d 1957- | |
| 245 | 1 | 3 | |a Το κοινοβουλευτικό πολίτευμα και η λειτουργία του κατά το Σύνταγμα του 1975/1986 : |b το αναθεωρητικό διάβημα 1985/86 ο διορισμός της Κυβέρνησης και η διάλυση της βουλής / |c Ευάγγελος Β.Βενιζέλος |
| 260 | |a Θεσσαλονίκη : |b Παρατηρητής, |c 1987 | ||
| 300 | |a 176 σ. | ||
| 500 | |a Περιλαμβάνει βιβλιογραφία | ||
| 650 | 0 | 0 | |a Constitutional law. |
| 852 | |a INST |b CHIOS |e 19960313 |h 342 ΒΕΝ |p 005200002945 |q 005200002945 |t BK |y 0 | ||
| 909 | |a Χ |b 007606 | ||